| 000 | 00687nam a2200229Ia 4500 | ||
|---|---|---|---|
| 005 | 20230703091033.0 | ||
| 008 | 131103s9999 xx 000 0 und d | ||
| 020 | _a582087007 | ||
| 040 | _aLoreto College | ||
| 041 | _aEnglish | ||
| 082 |
_a333.7 _bBAR |
||
| 100 | _aBarrow,C.J. | ||
| 245 |
_aDeveloping the environment _b problems and management _cC.J.Borrow |
||
| 260 |
_aBurnt Mill _bLongman Scientific and Technical _c1995 |
||
| 300 |
_axii,313 p. _b illus.,fig.,tables |
||
| 504 | _aIncludes bibliographical references and index | ||
| 630 | _aHuman Ecology | ||
| 650 | _aSocial Science | ||
| 651 | _aFactors Affecting Social Behaviour | ||
| 850 | _aLCLIB | ||
| 942 | _cBK | ||
| 999 |
_c11462 _d61941 |
||